Most technology advanced countries - Statistics

General Stats
  • This quiz has been taken 192 times
    191 since last reset
  • The average score is 8 of 10
Answer Stats
Answer % Correct
USA
100%
Japan
99%
Britain
92%
China
92%
South korea
91%
Canada
90%
Germany
90%
India
67%
Finland
49%
Israel
48%
No matching quizzes found
Score Distribution
Percent of People with Each Score
Percentile by Number Answered
Your Score History
You have not taken this quiz since the last reset